| 000 | 00362nam a2200121Ia 4500 | ||
|---|---|---|---|
| 008 | 220620s9999||||xx |||||||||||||| ||und|| | ||
| 245 | 0 | _aAdvances in Image Segmentation | |
| 546 | _aEnglish[eng] | ||
| 650 | _aImage processing | ||
| 700 | _aPeter Ho, Pei-Gee | ||
| 856 | _uhttps://mts.intechopen.com/storage/books/3125/authors_book/authors_book.pdf | ||
| 942 | _cEB | ||
| 999 |
_c26241 _d26241 |
||